Avion de ligne - Statistiques

Statistiques générales
  • Ce quiz a été pris 218 fois
  • Le résultat moyen est 11 sur 16
Statistiques - réponses
Par images Réponse % Correct
Airbus A380-800
100%
Boeing 747-400
95%
Airbus A320-200
93%
Boeing 737-800
89%
Boeing 777-200
88%
Airbus A350-900
85%
Airbus A330-300
83%
Airbus A340-300
82%
Boeing 787-9
80%
Airbus A220-300
67%
Boeing 767-300ER
61%
ATR 72-600
49%
Embraer 190
49%
De Havilland Canada DHC-8
32%
Comac C919
29%
Soukhoï SuperJet 100
17%
Aucun quiz correspondant
Distribution des résultats
% des personnes avec chaque résultat
Percentile par nombre de réponses
Votre historique - résultats
Vous n’avez pas pris ce quiz